Basic Legal Drafting: (Record no. 590492)
[ view plain ]
| 000 -LEADER | |
|---|---|
| fixed length control field | 00342nam a22001217a 4500 |
| 020 ## - INTERNATIONAL STANDARD BOOK NUMBER | |
| International Standard Book Number | 9781480257146 |
| 082 ## - DEWEY DECIMAL CLASSIFICATION NUMBER | |
| Classification number | 340.07 |
| Author Mark | RUT |
| 100 ## - MAIN ENTRY--PERSONAL NAME | |
| Personal name | Rutledge, Anne |
| 245 ## - TITLE STATEMENT | |
| Title | Basic Legal Drafting: |
| Remainder of title | Litigation Documents, Contracts, Legislative Documents / |
| Statement of responsibility, etc. | Anne Rutledge |
| 300 ## - PHYSICAL DESCRIPTION | |
| Extent | 139 p. ; |
| Dimensions | 28 cm. |
| 563 ## - BINDING INFORMATION | |
| Binding note | PBK. |
| 942 ## - ADDED ENTRY ELEMENTS (KOHA) | |
| Source of classification or shelving scheme | |
| Koha item type | Book |
| Withdrawn status | Lost status | Source of classification or shelving scheme | Damaged status | Not for loan | Permanent Location | Current Location | Shelving location | Date acquired | Source of acquisition | Full call number | Barcode | Date last seen | Price effective from | Koha item type |
|---|---|---|---|---|---|---|---|---|---|---|---|---|---|---|
| NUST Law School (NLS) | NUST Law School (NLS) | Law | 07/21/2022 | Golden Books | 340.07 RUT | CL-1112 | 09/12/2023 | 07/21/2022 | Book |
